000 00977nam a2200301Ia 4500
001 Z_761
003 CHAP
008 220113s1990 xx 000 0 und d
010 _a163855
040 _cCHAP
090 _aTesis M 624
100 _aMariscal Aguayo, Dolores Valentina
_971413
245 _aEfecto del fotoperíodo sobre el comportamiento reproductivo en conejos machos Nueva Zelanda, Blanco y California /
_cpor Dolores Valentina Mariscal Aguayo
260 _aChapingo, Méx. :
_bEl autor,
_c1990
300 _a93 h.
502 _aTesis (Maestro en Ciencias Esp. en Producción Animal) -- UACH. Departamento de Zootecnia
650 _aConejos California
_9137901
650 _aConejos Nueva Zelanda Blanco
_9137902
650 _aConejos
_xReproducción
_926378
650 _aFotoperíodo
_942735
650 _aLuz
_xEfecto en animales
_969227
901 _aTESIS M 624
902 _aM
910 _a1990
942 _c2
942 _c2
999 _c163855
_d163855